ბათუმის შოთა რუსთაველის სახელმწიფო უნივერსიტეტის ბიბლიოთეკა

ანთროპომორფული პლასტიკა წარმართული ხანის საქართველოში : (ბიბ.ჩანაწერი № 59769)

000 -ლიდერი
ფიქსირებული სიგრძის საკონტროლო ველი 01304nam a22002177a 4500
003 - საკონტროლო ნომრის იდენტიფიკატორი
საკონტროლო ველი Ge_BSU
005 - ბოლო ოპერაციის თარიღი და დრო
საკონტროლო ველი 20230412111956.0
008 - ფიქსირებული სიგრძის მონაცემთა ელემენტები - ზოგადი ინფორმაცია
ფიქსირებული სიგრძის საკონტროლო ველი 230412s1984 ge ||||| |||| 00| 0 geo d
041 ## - ენის კოდი
Language code of text/sound track or separate title geo
080 ## - უნივერსალური ათობითი კლასიფიკაციის ინდექსი
Universal Decimal Classification number 572.7(479.22):903.27:73(479.22) ჯ-14
100 ## - მთავარი ჩანაწერი - პიროვნების სახელი
Personal name ჯავახიშვილი, გ.
9 (RLIN) 1555
245 ## - ცნობა სათაურის შესახებ
Title ანთროპომორფული პლასტიკა წარმართული ხანის საქართველოში :
Remainder of title (ნეოლითი-გვიან ანტიკური ხანა) /
Statement of responsibility, etc გ. ჯავახიშვილი; რედაქტორი პ. ზაქარაია.
264 ## - წარმოების, გამოცემის, დისტრიბუციის და სხვა ცნობები
გამოცემის, წარმოების, დისტრიბუციის... ადგილი თბილისი:
გამოცემის, წარმოების, დისტრიბუციის... სახელწოდება თსუ გამ–ბა,
გამოცემის, წარმოების, დისტრიბუციის... თარიღი 1984.
300 ## - ფიზიკური აღწერა
Extent 116 გვ.:
Other physical details + ტაბულები;
Dimensions 20 სმ.
520 ## - SUMMARY, ETC.
Summary, etc რეზიუმე ქართულ და რუსულ ენებზე.
653 ## - INDEX TERM--UNCONTROLLED
Uncontrolled term ანთროპომორფოლოგია
653 ## - INDEX TERM--UNCONTROLLED
Uncontrolled term ანთროპომორფული პლასტიკა საქართველოში
653 ## - INDEX TERM--UNCONTROLLED
Uncontrolled term არქეოლოგიური გათხრები საქართველოში
700 ## - ADDED ENTRY--PERSONAL NAME
Personal name ზაქარაია, პ.
Relator term რედაქტორი
9 (RLIN) 305
942 ## - ADDED ENTRY ELEMENTS (KOHA)
Source of classification or shelving scheme
Koha item type წიგნი
ეგზემპლარები
ჩამოწერის სტატუსი დაკარგული ეგზემპლარის სტატუსი კლასიფიკაციის წყარო ან თაროზე გაწყობის სქემა დაზიანების სტატუსი არ გაიცემა მუდმივი მდებარეობა (დაცვის ადგილი) ამჟამინდელი ადგილსამყოფელი თაროზე განთავსების ადგილი შეძენის თარიღი ღირებულება, შესყიდვის ნორმალური ფასი სრული შენახვის შიფრი შტრიხკოდი ბოლო ოპერაციის თარიღი ეგზემპლარის მიმდევრობითი ნომერი (კეტერი?) Uniform Resource Identifier ფასის ძალაში შესვლის თარიღი ეგზემპლარის სახეობა საჯარო შენიშვნა
          ბათუმის შოთა რუსთაველის სახელმწიფო უნივერსიტეტის მთავარი ბიბლიოთეკა ბათუმის შოთა რუსთაველის სახელმწიფო უნივერსიტეტის მთავარი ბიბლიოთეკა წიგნსაცავი 2023-04-12 7.00 572.7(479.22):903.27:73(479.22) ჯ-14 64190 2023-04-12 64190 ბსუ-ს საპატიო დოქტორის გურამ ლორთქიფანიძის საჩუქარი 2023-04-12 წიგნი 7 ლ.